A study on the level of involvement of the Takoradi Central Seventh-Day Adventist members in witnessing with a view to develop and implement a strategy to increase involvement in soul-winning / (Record no. 25099)

MARC details
000 -LEADER
fixed length control field 00747nam a22001817a 4500
003 - CONTROL NUMBER IDENTIFIER
control field AUA.1
005 - DATE AND TIME OF LATEST TRANSACTION
control field 20251028151834.0
008 - FIXED-LENGTH DATA ELEMENTS--GENERAL INFORMATION
fixed length control field 250630b |||||||| |||| 00| 0 eng d
040 ## - CATALOGING SOURCE
Transcribing agency JTL
100 ## - MAIN ENTRY--PERSONAL NAME
Personal name Kwakye, Adeefe
245 ## - TITLE STATEMENT
Title A study on the level of involvement of the Takoradi Central Seventh-Day Adventist members in witnessing with a view to develop and implement a strategy to increase involvement in soul-winning /
Statement of responsibility, etc Adeefe Kwakye.
260 ## - PUBLICATION, DISTRIBUTION, ETC. (IMPRINT)
Date of publication, distribution, etc c2023.
300 ## - PHYSICAL DESCRIPTION
Extent xii, 121 leaves :
Other physical details Illustrations :
Dimensions 30cm.
610 ## - SUBJECT ADDED ENTRY--CORPORATE NAME
Corporate name or jurisdiction name as entry element Takoradi Seventh-day Adventist Church
Geographic subdivision Ghana
650 ## - SUBJECT ADDED ENTRY--TOPICAL TERM
Topical term or geographic name as entry element Evangelistic work
650 ## - SUBJECT ADDED ENTRY--TOPICAL TERM
Topical term or geographic name as entry element Witness bearing (Christianity)
General subdivision Seventh-Day Adventists
9 (RLIN) 13751
942 ## - ADDED ENTRY ELEMENTS (KOHA)
Source of classification or shelving scheme AUA Inhouse Classification
Koha item type Project
Classification part MDiv
Item part .K83 2023
Holdings
Withdrawn status Lost status Source of classification or shelving scheme Damaged status Not for loan Collection code Home library Current library Shelving location Date acquired Source of acquisition Cost, normal purchase price Serial Enumeration / chronology Total Checkouts Full call number Barcode Date last seen Cost, replacement price Price effective from Koha item type Copy number
    Library of Congress Classification     JTL Research Collection Judith Thomas Library Judith Thomas Library Judith Thomas Library Research Section 30/06/2025 Theological Seminary 25.00 AUA27905   MDiv .K83 2023 AUA27905 30/06/2025 25.00 30/06/2025 Project  
    Library of Congress Classification     JTL Research Collection Judith Thomas Library Judith Thomas Library Judith Thomas Library Research Section 01/07/2025 Theological Seminary 25.00 AUA27920   MDiv .K83 2023 AUA27920 01/07/2025 25.00 01/07/2025 Project 2